000 00315nam a22001457a 4500
008 231025b ||||| |||| 00| 0 eng d
020 _a9780198249085
041 _aeng
080 _a159.9
082 _a159.9PAR
100 _a25
101 _aPSI
245 _aREASONS AND PERSONS
_cPARFIT .D
942 _2udc
_cBK
999 _c60465
_d60465